Statistics for Camair-Co Destinations-Yaounde

Click here to take the quiz!

General Stats

  • This quiz has been taken 4 times
  • The average score is 3 of 5

Answer Stats

Country Airport % Correct
CameroonDouala
100%
ChadN'Djamena
100%
CameroonGaroua
67%
CameroonMaroua
0%
CameroonNgaoundere
0%

Score Distribution

Percentile by Number Answered

Percent of People with Each Score

Your Score History

You have not taken this quiz